000 00990cam a22002535a 4500
005 20091103014612.0
008 090911s2009 ii ab b 100 0 eng d
010 _aENG-95324
020 _a9788131305805
_c695.00
035 _aEN-78857
037 _aDBAD/PUB
040 _aDPL
_beng
082 _a375.001
100 _aSharma, Promila
245 _aPrinciples of curriculum /
_cby Promila Sharma
260 _aNew Delhi :
_bAPH Publishing Corporation
_c2009.
270 _a4435-36/7. Ansari road, Darya Ganj
_bNew Delhi
_e110002
300 _axi, 300p.
_c22 cm. (Hb)
500 _aIncludes bibliographical references and Index
520 _aContributed articles.
942 _2ddc
_cEN
_mSHA
_h375.001
999 _c31363
_d31363